Statistics for MLB Teams With Least Followers on X (Twitter)

Click here to take the quiz!

General Stats

  • This quiz has been taken 27 times
    (9 since last reset)
  • The average score is 9 of 10

Answer Stats

Number of FollowersMLB Team% Correct
420.3KMiami Marlins
100%
605.3KOakland Athletics
100%
726.1KSeattle Mariners
100%
622.8KColorado Rockies
89%
713.1KMinnesota Twins
89%
685.8KSan Diego Padres
89%
650.2KArizona Diamondbacks
78%
741.6KMilwaukee Brewers
78%
690.4KTampa Bay Rays
78%
810.0KWashington Nationals
67%

Score Distribution

Percentile by Number Answered

Percent of People with Each Score

Your Score History

You have not taken this quiz since the last reset